Tên các loài cá có giá trị kinh tế
Sách trình bày các loài cá biển, cá nước ngọt có giá trị kinh tế tương đối quan trọng ở miền Tây Thái Bình Dương, bắc từ eo biển Bering, nam đến vĩ độ bắc 10.
Saved in:
| Corporate Author: | |
|---|---|
| Format: | Book |
| Language: | Undetermined |
| Published: |
[Hà Nội]
Phòng Bí thư thường trực. Ủy ban nghiên cứu nghề cá miền Tây Thái Bình Dương
|
| Subjects: | |
| Tags: |
Add Tag
No Tags, Be the first to tag this record!
|
| Institutions: | Trung tâm Học liệu Trường Đại học Cần Thơ |
|---|
| LEADER | 01035nam a2200181Ia 4500 | ||
|---|---|---|---|
| 001 | CTU_161393 | ||
| 008 | 210402s9999 xx 000 0 und d | ||
| 082 | |a 597.03 | ||
| 082 | |b U523 | ||
| 110 | |a Ủy ban nghiên cứu nghề cá miền Tây Thái Bình Dương | ||
| 245 | 0 | |a Tên các loài cá có giá trị kinh tế | |
| 245 | 0 | |c Ủy ban nghiên cứu nghề cá miền Tây Thái Bình Dương | |
| 260 | |a [Hà Nội] | ||
| 260 | |b Phòng Bí thư thường trực. Ủy ban nghiên cứu nghề cá miền Tây Thái Bình Dương | ||
| 520 | |a Sách trình bày các loài cá biển, cá nước ngọt có giá trị kinh tế tương đối quan trọng ở miền Tây Thái Bình Dương, bắc từ eo biển Bering, nam đến vĩ độ bắc 10. | ||
| 650 | |a Thủy sản,Aquaculture,Fisheries,Nuôi trồng thủy sản | ||
| 904 | |i Trọng Hải | ||
| 980 | |a Trung tâm Học liệu Trường Đại học Cần Thơ | ||